| 000 | 01335nam2a22002411 4500 | ||
|---|---|---|---|
| 001 | RU\NLR\INFOCOMM17\1000389913 | ||
| 005 | 20250617143654.0 | ||
| 035 | _a(NLR Aleph) 002713169 | ||
| 090 |
_a1807863 _c1807863 |
||
| 100 | _a20040213d1953 |||y0rusy50 ca | ||
| 101 | 0 | _arus | |
| 102 | _aRU | ||
| 105 | _ay ||||||||| | ||
| 200 | 1 | _aРациональные решения в проекте гидростанции | |
| 210 |
_d1953 _aБ. м. |
||
| 461 | 0 |
_1001RU\NLR\INFOCOMM17\1000389912 _12001#$aИнформационное письмо$fМ-во электростанций и электропром. СССР. Главэлектропроект. Гидроэнергопроект. Отд. техн. помощи. Сектор обмена опытом$v№7 _91807858 _a"Гидроэнергопроект", институт (Москва). Отдел технической помощи _cМ. _d1953 _fМ-во электростанций и электропром. СССР. Главэлектропроект. Гидроэнергопроект. Отд. техн. помощи. Сектор обмена опытом _tИнформационное письмо _v№7 |
|
| 801 | 1 |
_aRU _bInfoComm _c20040213 |
|
| 801 | 0 |
_aRU _bNLR _gPSBO |
|
| 852 |
_aNLR _jП11/921 |
||
| 942 | _cISSUE | ||
| 980 | _aNB | ||
| 980 | _aRUSPER | ||